Most English FA Cup wins - Statistics

General Stats
  • This quiz has been taken 921 times
  • The average score is 8 of 17
Answer Stats
Hint Answer % Correct
11 Arsenal
99%
7 Chelsea
95%
11 Manchester United
95%
7 Liverpool
94%
5 Manchester City
83%
5 Everton
81%
7 Aston Villa
74%
6 Newcastle United
34%
3 Sheffield Wednesday
32%
6 Blackburn Rovers
30%
4 Sheffield United
29%
8 Tottenham Hotspurs
29%
3 West Ham United
20%
4 Wolverhampton Wanderers
19%
4 Bolton Wanderers
17%
5 West Bromich Albion
5%
5 The Wanderers
3%
No matching quizzes found
Score Distribution
Percent of People with Each Score
Percentile by Number Answered
Your Score History
You have not taken this quiz